[Event "Greek Team Championship"]
[Site "chess24.com"]
[Date "2017.07.03"]
[Round "1"]
[White "Tsaknakis, Zisis"]
[Black "Lentzos, Ioanis"]
[Result "1-0"]
[Board "8"]
[WhiteElo "2187"]
[WhiteCountry "GRE"]
[WhiteFideId "4259963"]
[WhiteEloChange "6"]
[BlackElo "2038"]
[BlackCountry "GRE"]
[BlackFideId "4255470"]
[BlackEloChange "-6"]

1. e4 {[%clk 1:30:45]} c5 {[%clk 1:30:52]} 2. Nf3 {[%clk 1:31:00]} e6 {[%clk
1:31:17]} 3. d4 {[%clk 1:31:10]} cxd4 {[%clk 1:31:41]} 4. Nxd4 {[%clk 1:31:35]}
Nc6 {[%clk 1:32:06]} 5. Nc3 {[%clk 1:31:58]} Qc7 {[%clk 1:32:28]} 6. f4 {[%clk
1:30:22]} d6 {[%clk 1:31:52]} 7. Nb3 {[%clk 1:30:02]} Nf6 {[%clk 1:26:09]} 8. Be3
{[%clk 1:28:01]} Be7 {[%clk 1:21:45]} 9. Bd3 {[%clk 1:27:54]} O-O {[%clk
1:17:57]} 10. Qf3 {[%clk 1:26:38]} a6 {[%clk 1:05:21]} 11. O-O {[%clk 1:26:16]}
b6 {[%clk 0:59:03]} 12. g4 {[%clk 1:15:37]} Bb7 {[%clk 0:53:51]} 13. g5 {[%clk
1:15:29]} Nd7 {[%clk 0:52:39]} 14. Qh5 {[%clk 1:15:44]} g6 {[%clk 0:37:40]} 15.
Qh6 {[%clk 1:14:12]} Rfe8 {[%clk 0:32:28]} 16. Rf3 {[%clk 1:11:39]} Bf8 {[%clk
0:28:22]} 17. Qh4 {[%clk 1:11:57]} Nb4 {[%clk 0:22:02]} 18. Rh3 {[%clk 1:07:30]}
h5 {[%clk 0:21:41]} 19. gxh6 {[%clk 1:03:36]} Kh7 {[%clk 0:15:27]} 20. Nd4 {[%clk
0:53:52]} Nxd3 {[%clk 0:12:28]} 21. cxd3 {[%clk 0:54:09]} Qd8 {[%clk 0:09:03]}
22. Qg3 {[%clk 0:52:48]} Be7 {[%clk 0:07:40]} 23. Nf3 {[%clk 0:48:41]} d5 {[%clk
0:06:28]} 24. exd5 {[%clk 0:47:30]} exd5 {[%clk 0:06:17]} 25. Bd4 {[%clk
0:46:22]} Qc7 {[%clk 0:01:41]} 26. Rf1 {[%clk 0:36:24]} f6 {[%clk 0:01:13]} 27.
f5 {[%clk 0:26:34]} Qxg3+ {[%clk 0:01:35]} 28. Rxg3 {[%clk 0:26:44]} gxf5 {[%clk
0:00:48]} 29. Nh4 {[%clk 0:26:45]} Rg8 {[%clk 0:00:56]} 30. Nxf5 {[%clk 0:26:30]}
Rxg3+ {[%clk 0:01:18]} 31. hxg3 {[%clk 0:26:51]} Bc5 {[%clk 0:01:45]} 32. Bxc5
{[%clk 0:20:31]} bxc5 {[%clk 0:02:12]} 33. Ne2 {[%clk 0:16:59]} Rg8 {[%clk
0:01:32]} 34. d4 {[%clk 0:16:31]} Rg5 {[%clk 0:00:59]} 35. dxc5 {[%clk 0:15:27]}
Nxc5 {[%clk 0:01:02]} 36. Nd6 {[%clk 0:14:07]} Bc6 {[%clk 0:01:29]} 37. Rxf6
{[%clk 0:13:02]} Rg6 {[%clk 0:01:57]} 38. Rxg6 {[%clk 0:05:37]} Kxg6 {[%clk
0:02:24]} 39. Nf5 {[%clk 0:04:37]} Bd7 {[%clk 0:02:47]} 40. Nf4+ {[%clk 0:32:53]}
Kh7 {[%clk 0:31:14]} 41. Nd4 {[%clk 0:30:49]} Kxh6 {[%clk 0:25:39]} 42. Nxd5
{[%clk 0:30:59]} a5 {[%clk 0:20:39]} 43. b3 {[%clk 0:25:52]} Nd3 {[%clk 0:13:38]}
44. Kg2 {[%clk 0:20:55]} Bg4 {[%clk 0:07:05]} 45. Nc3 {[%clk 0:17:18]} Bd7 {[%clk
0:04:47]} 46. Kf3 {[%clk 0:17:09]} Nc5 {[%clk 0:04:22]} 47. Ne4 {[%clk 0:15:14]}
Nd3 {[%clk 0:03:47]} 48. Ke3 {[%clk 0:14:31]} Nc1 {[%clk 0:01:24]} 49. Nc3 {[%clk
0:14:28]} Nxa2 {[%clk 0:00:35]} 50. Nxa2 {[%clk 0:14:49]} Kg5 {[%clk 0:00:51]}
51. Nf3+ {[%clk 0:13:37]} Kf6 {[%clk 0:01:08]} 52. Nc3 {[%clk 0:13:29]} Be6
{[%clk 0:00:35]} 53. Nd4 {[%clk 0:13:47]} Bd7 {[%clk 0:00:57]} 54. Kf4 {[%clk
0:13:59]} Kg6 {[%clk 0:00:39]} 55. Nf3 {[%clk 0:12:09]} Be6 {[%clk 0:00:00]} 56.
Ke4 {[%clk 0:12:09]} 1-0

[Event "Greek Team Championship"]
[Site "chess24.com"]
[Date "2017.07.03"]
[Round "1"]
[White "Makris, Spyridon-Dionysios"]
[Black "Betsakos, Konstantinos"]
[Result "1/2-1/2"]
[Board "9"]
[WhiteElo "1859"]
[WhiteCountry "GRE"]
[WhiteFideId "25801376"]
[BlackElo "1844"]
[BlackCountry "GRE"]
[BlackFideId "4253337"]

1. d4 {[%clk 1:30:57]} Nf6 {[%clk 1:30:46]} 2. c4 {[%clk 1:31:24]} e6 {[%clk
1:31:07]} 3. Nc3 {[%clk 1:31:50]} Bb4 {[%clk 1:31:33]} 4. e3 {[%clk 1:32:17]} O-O
{[%clk 1:31:42]} 5. Ne2 {[%clk 1:32:45]} Re8 {[%clk 1:31:14]} 6. a3 {[%clk
1:32:52]} Bf8 {[%clk 1:31:39]} 7. Ng3 {[%clk 1:32:11]} d5 {[%clk 1:29:05]} 8. Be2
{[%clk 1:29:57]} dxc4 {[%clk 1:24:57]} 9. O-O {[%clk 1:28:36]} c5 {[%clk
1:22:29]} 10. dxc5 {[%clk 1:28:41]} Bxc5 {[%clk 1:19:48]} 11. Bxc4 {[%clk
1:28:45]} a6 {[%clk 1:14:10]} 12. b4 {[%clk 1:25:16]} Be7 {[%clk 1:07:48]} 13.
Bb2 {[%clk 1:24:00]} b5 {[%clk 1:08:04]} 14. Ba2 {[%clk 1:24:24]} Bb7 {[%clk
1:03:23]} 15. Qe2 {[%clk 1:22:08]} Nbd7 {[%clk 0:59:46]} 16. Rfd1 {[%clk
1:11:06]} Rc8 {[%clk 0:45:12]} 17. e4 {[%clk 1:04:25]} Qc7 {[%clk 0:43:14]} 18.
Rac1 {[%clk 1:02:14]} Qb8 {[%clk 0:43:27]} 19. Nh5 {[%clk 0:41:42]} Red8 {[%clk
0:32:10]} 20. Ng3 {[%clk 0:30:47]} Ne5 {[%clk 0:25:05]} 21. Nf1 {[%clk 0:27:24]}
Rxd1 {[%clk 0:17:24]} 22. Rxd1 {[%clk 0:27:44]} Bd8 {[%clk 0:17:24]} 23. Ne3
{[%clk 0:25:38]} Bb6 {[%clk 0:15:59]} 24. a4 {[%clk 0:17:34]} Nc6 {[%clk
0:02:59]} 25. axb5 {[%clk 0:16:22]} Nd4 {[%clk 0:03:16]} 26. Qf1 {[%clk 0:15:44]}
axb5 {[%clk 0:01:23]} 27. Nxb5 {[%clk 0:15:36]} Nxb5 {[%clk 0:00:55]} 28. Qxb5
{[%clk 0:15:59]} Qa7 {[%clk 0:00:45]} 29. Bxf6 {[%clk 0:15:10]} Bxe3 {[%clk
0:00:38]} 30. Bh4 {[%clk 0:12:39]} g5 {[%clk 0:00:33]} 31. fxe3 {[%clk 0:11:32]}
gxh4 {[%clk 0:00:46]} 32. Qg5+ {[%clk 0:11:36]} Kf8 {[%clk 0:00:37]} 33. Rd8+
{[%clk 0:00:42]} Rxd8 {[%clk 0:01:03]} 34. Qxd8+ {[%clk 0:01:10]} Kg7 {[%clk
0:01:23]} 35. Qg5+ {[%clk 0:01:31]} Kf8 {[%clk 0:01:36]} 36. Qd8+ {[%clk
0:01:58]} Kg7 {[%clk 0:02:01]} 37. Qd4+ {[%clk 0:01:48]} Qxd4 {[%clk 0:02:26]}
38. exd4 {[%clk 0:02:13]} Bxe4 {[%clk 0:02:33]} 39. b5 {[%clk 0:01:49]} Kf6
{[%clk 0:01:54]} 40. Kf2 {[%clk 0:31:03]} Bb7 {[%clk 0:32:14]} 41. Bb1 {[%clk
0:31:20]} h6 {[%clk 0:29:36]} 42. Ke3 {[%clk 0:31:02]} Bxg2 {[%clk 0:25:21]} 43.
Be4 {[%clk 0:31:12]} Bxe4 {[%clk 0:25:44]} 44. Kxe4 {[%clk 0:31:38]} Ke7 {[%clk
0:26:11]} 45. d5 {[%clk 0:29:19]} 1/2-1/2

[Event "Greek Team Championship"]
[Site "chess24.com"]
[Date "2017.07.03"]
[Round "1"]
[White "Giouvantsioudis-Mousiadis, Arist"]
[Black "Fragkos, Vasileios"]
[Result "0-1"]
[Board "10"]
[WhiteElo "1446"]
[WhiteCountry "GRE"]
[WhiteFideId "4296125"]
[WhiteEloChange "-10"]
[BlackElo "1453"]
[BlackCountry "GRE"]
[BlackFideId "25832646"]
[BlackEloChange "10"]

1. e4 {[%clk 1:30:47]} e5 {[%clk 1:30:37]} 2. Nf3 {[%clk 1:31:02]} Nc6 {[%clk
1:30:47]} 3. Bb5 {[%clk 1:31:23]} a6 {[%clk 1:31:00]} 4. Ba4 {[%clk 1:31:39]} Nf6
{[%clk 1:31:17]} 5. O-O {[%clk 1:31:57]} Be7 {[%clk 1:31:31]} 6. Re1 {[%clk
1:31:24]} b5 {[%clk 1:31:27]} 7. Bb3 {[%clk 1:31:36]} d6 {[%clk 1:31:36]} 8. c3
{[%clk 1:30:20]} O-O {[%clk 1:30:49]} 9. d4 {[%clk 1:29:00]} exd4 {[%clk
1:26:03]} 10. cxd4 {[%clk 1:27:57]} Bb7 {[%clk 1:24:48]} 11. Nbd2 {[%clk
1:23:41]} Na5 {[%clk 1:16:54]} 12. Bc2 {[%clk 1:22:48]} c5 {[%clk 1:15:56]} 13.
d5 {[%clk 1:18:17]} Re8 {[%clk 1:14:56]} 14. b3 {[%clk 1:18:29]} Rc8 {[%clk
1:14:37]} 15. Nf1 {[%clk 1:18:27]} Bf8 {[%clk 1:14:23]} 16. Ng3 {[%clk 1:18:40]}
g6 {[%clk 1:14:45]} 17. Bb2 {[%clk 1:17:25]} Bg7 {[%clk 1:14:50]} 18. Rb1 {[%clk
1:16:53]} Ba8 {[%clk 1:13:23]} 19. h3 {[%clk 1:01:03]} b4 {[%clk 1:11:55]} 20.
Nd2 {[%clk 0:58:39]} Nd7 {[%clk 0:56:26]} 21. Bxg7 {[%clk 0:57:39]} Kxg7 {[%clk
0:56:46]} 22. Bd3 {[%clk 0:56:18]} Qb6 {[%clk 0:55:24]} 23. f4 {[%clk 0:54:50]}
c4+ {[%clk 0:55:00]} 24. Kh1 {[%clk 0:52:05]} cxd3 {[%clk 0:55:13]} 25. Qg4
{[%clk 0:51:36]} Nf6 {[%clk 0:47:33]} 26. Qg5 {[%clk 0:51:17]} Ng8 {[%clk
0:43:43]} 27. f5 {[%clk 0:48:38]} Qd8 {[%clk 0:42:15]} 28. f6+ {[%clk 0:44:19]}
Kh8 {[%clk 0:34:52]} 29. Rf1 {[%clk 0:41:53]} Rc2 {[%clk 0:31:59]} 30. Rbd1
{[%clk 0:32:44]} Nb7 {[%clk 0:25:10]} 31. Nc4 {[%clk 0:30:40]} Nc5 {[%clk
0:25:00]} 32. Qf4 {[%clk 0:29:21]} Nb7 {[%clk 0:22:14]} 33. Qg5 {[%clk 0:28:55]}
Na5 {[%clk 0:20:50]} 34. Ne3 {[%clk 0:25:16]} Rxa2 {[%clk 0:20:53]} 35. Nef5
{[%clk 0:24:46]} Nxb3 {[%clk 0:20:00]} 36. h4 {[%clk 0:23:39]} Re5 {[%clk
0:19:17]} 37. Nh6 {[%clk 0:23:04]} Nxh6 {[%clk 0:18:54]} 38. Qxh6 {[%clk
0:23:30]} Qg8 {[%clk 0:19:19]} 39. Rxd3 {[%clk 0:22:04]} Nc5 {[%clk 0:19:41]} 40.
Re3 {[%clk 0:49:07]} b3 {[%clk 0:49:56]} 41. h5 {[%clk 0:47:27]} b2 {[%clk
0:48:39]} 42. hxg6 {[%clk 0:45:15]} Qxg6 {[%clk 0:49:01]} 43. Qf8+ {[%clk
0:45:36]} Qg8 {[%clk 0:49:27]} 44. Qxd6 {[%clk 0:46:02]} Ra1 {[%clk 0:41:53]} 45.
Ree1 {[%clk 0:44:41]} Rxe1 {[%clk 0:41:25]} 46. Rxe1 {[%clk 0:44:58]} Nd3 {[%clk
0:41:33]} 47. Nf5 {[%clk 0:42:18]} Rxf5 {[%clk 0:40:45]} 48. exf5 {[%clk
0:42:30]} Nxe1 {[%clk 0:41:07]} 0-1

[Event "Greek Team Championship"]
[Site "chess24.com"]
[Date "2017.07.03"]
[Round "1"]
[White "Parligras, Mircea-Emilian"]
[Black "Banikas, Hristos"]
[Result "1/2-1/2"]
[Board "1"]
[WhiteElo "2612"]
[WhiteTitle "GM"]
[WhiteCountry "ROU"]
[WhiteFideId "1204297"]
[WhiteEloChange "-1"]
[BlackElo "2567"]
[BlackTitle "GM"]
[BlackCountry "GRE"]
[BlackFideId "4202031"]
[BlackEloChange "1"]

1. d4 {[%clk 1:30:57]} Nf6 {[%clk 1:30:52]} 2. c4 {[%clk 1:31:21]} e6 {[%clk
1:31:15]} 3. Nf3 {[%clk 1:31:27]} b6 {[%clk 1:31:37]} 4. Bf4 {[%clk 1:31:32]} Nh5
{[%clk 1:30:30]} 5. Bg5 {[%clk 1:23:30]} Be7 {[%clk 1:30:39]} 6. Bxe7 {[%clk
1:23:52]} Qxe7 {[%clk 1:31:04]} 7. Nc3 {[%clk 1:20:56]} Bb7 {[%clk 1:26:21]} 8.
e3 {[%clk 1:16:35]} Nf6 {[%clk 1:14:02]} 9. Be2 {[%clk 1:13:06]} O-O {[%clk
1:11:56]} 10. O-O {[%clk 1:11:49]} c5 {[%clk 1:12:03]} 11. d5 {[%clk 1:09:07]}
exd5 {[%clk 1:11:18]} 12. cxd5 {[%clk 1:09:14]} d6 {[%clk 1:10:53]} 13. Qb3
{[%clk 1:00:14]} Na6 {[%clk 1:07:58]} 14. Rfd1 {[%clk 0:59:30]} Nc7 {[%clk
1:07:58]} 15. a4 {[%clk 0:58:38]} Rab8 {[%clk 1:07:53]} 16. Bc4 {[%clk 0:49:33]}
a6 {[%clk 1:05:06]} 17. Qc2 {[%clk 0:41:40]} b5 {[%clk 1:03:03]} 18. axb5 {[%clk
0:41:50]} axb5 {[%clk 1:03:28]} 19. Nxb5 {[%clk 0:34:55]} Nxb5 {[%clk 1:02:53]}
20. Bxb5 {[%clk 0:35:22]} Bxd5 {[%clk 1:03:09]} 21. Qe2 {[%clk 0:32:04]} Bxf3
{[%clk 1:01:36]} 22. gxf3 {[%clk 0:32:27]} d5 {[%clk 1:01:43]} 23. b3 {[%clk
0:29:33]} Qb7 {[%clk 0:59:46]} 24. Ra5 {[%clk 0:28:22]} Qb6 {[%clk 0:58:24]} 25.
Rda1 {[%clk 0:23:29]} Rfd8 {[%clk 0:58:37]} 26. Bd3 {[%clk 0:23:13]} Qb4 {[%clk
0:57:02]} 27. Qc2 {[%clk 0:21:04]} Qxb3 {[%clk 0:48:03]} 28. Rxc5 {[%clk
0:21:14]} Qxc2 {[%clk 0:48:24]} 29. Bxc2 {[%clk 0:20:35]} d4 {[%clk 0:48:43]} 30.
Rd1 {[%clk 0:19:13]} dxe3 {[%clk 0:48:11]} 31. Rxd8+ {[%clk 0:19:33]} Rxd8 {[%clk
0:49:08]} 32. fxe3 {[%clk 0:19:55]} g6 {[%clk 0:49:11]} 33. Rc3 {[%clk 0:16:29]}
Rd2 {[%clk 0:48:39]} 34. Bb3 {[%clk 0:16:42]} Nd7 {[%clk 0:46:53]} 35. f4 {[%clk
0:12:52]} Rb2 {[%clk 0:45:30]} 36. Bd5 {[%clk 0:12:33]} Nf6 {[%clk 0:45:54]} 37.
Bf3 {[%clk 0:12:36]} Kg7 {[%clk 0:46:22]} 38. Ra3 {[%clk 0:12:10]} Ne8 {[%clk
0:46:45]} 39. Rd3 {[%clk 0:09:20]} Kf6 {[%clk 0:45:42]} 40. Bd5 {[%clk 0:37:54]}
Nc7 {[%clk 1:14:02]} 41. Bxf7 {[%clk 0:37:13]} Kxf7 {[%clk 1:13:30]} 42. Rd7+
{[%clk 0:37:39]} Kf6 {[%clk 1:13:52]} 43. Rxc7 {[%clk 0:38:04]} Re2 {[%clk
1:14:16]} 44. Rxh7 {[%clk 0:36:28]} Rxe3 {[%clk 1:14:41]} 45. Kf2 {[%clk
0:36:05]} 1/2-1/2

[Event "Greek Team Championship"]
[Site "chess24.com"]
[Date "2017.07.03"]
[Round "1"]
[White "Stankovic, Milos"]
[Black "Galopoulos, Nikolaos"]
[Result "1/2-1/2"]
[Board "2"]
[WhiteElo "2395"]
[WhiteTitle "IM"]
[WhiteCountry "SRB"]
[WhiteFideId "938190"]
[WhiteEloChange "-1"]
[BlackElo "2369"]
[BlackCountry "GRE"]
[BlackFideId "4208951"]
[BlackEloChange "1"]

1. e4 {[%clk 1:29:44]} c5 {[%clk 1:30:54]} 2. Nf3 {[%clk 1:29:48]} d6 {[%clk
1:31:17]} 3. Bb5+ {[%clk 1:29:45]} Nd7 {[%clk 1:31:29]} 4. a4 {[%clk 1:28:53]} a6
{[%clk 1:30:30]} 5. Bc4 {[%clk 1:28:47]} Ngf6 {[%clk 1:27:03]} 6. Nc3 {[%clk
1:27:42]} e6 {[%clk 1:27:15]} 7. d4 {[%clk 1:22:46]} cxd4 {[%clk 1:27:06]} 8.
Qxd4 {[%clk 1:22:45]} Qc7 {[%clk 1:26:33]} 9. O-O {[%clk 1:17:50]} Be7 {[%clk
1:26:34]} 10. Bg5 {[%clk 1:05:05]} O-O {[%clk 1:26:00]} 11. Rfe1 {[%clk 0:58:21]}
Ne5 {[%clk 1:23:54]} 12. Be2 {[%clk 0:57:29]} h6 {[%clk 1:19:13]} 13. Be3 {[%clk
0:55:37]} Nfg4 {[%clk 1:15:01]} 14. Qb6 {[%clk 0:53:53]} Qb8 {[%clk 1:14:31]} 15.
Bf4 {[%clk 0:52:27]} Bd8 {[%clk 1:07:59]} 16. Qb3 {[%clk 0:44:46]} Qa7 {[%clk
1:07:01]} 17. Bg3 {[%clk 0:43:38]} Bb6 {[%clk 1:07:05]} 18. Nd1 {[%clk 0:36:52]}
Nc6 {[%clk 0:59:59]} 19. h3 {[%clk 0:34:24]} Nf6 {[%clk 0:57:29]} 20. Bd3 {[%clk
0:32:48]} e5 {[%clk 0:56:58]} 21. c3 {[%clk 0:30:22]} Be6 {[%clk 0:54:32]} 22.
Qc2 {[%clk 0:30:40]} Rac8 {[%clk 0:54:58]} 23. Qd2 {[%clk 0:30:27]} Na5 {[%clk
0:47:38]} 24. Qe2 {[%clk 0:29:31]} Nb3 {[%clk 0:47:44]} 25. Rb1 {[%clk 0:29:19]}
Nd7 {[%clk 0:44:33]} 26. Ne3 {[%clk 0:27:31]} Bxe3 {[%clk 0:44:56]} 27. Qxe3
{[%clk 0:27:18]} Qxe3 {[%clk 0:45:24]} 28. Rxe3 {[%clk 0:27:37]} Ndc5 {[%clk
0:45:53]} 29. Bc2 {[%clk 0:27:31]} f5 {[%clk 0:35:53]} 30. exf5 {[%clk 0:27:31]}
Bxf5 {[%clk 0:36:22]} 31. Bxb3+ {[%clk 0:15:01]} Nxb3 {[%clk 0:36:46]} 32. Rd1
{[%clk 0:15:26]} Rf6 {[%clk 0:37:04]} 33. Re2 {[%clk 0:13:34]} Nc5 {[%clk
0:34:07]} 34. Ra1 {[%clk 0:13:47]} Bd3 {[%clk 0:28:39]} 35. Re3 {[%clk 0:12:21]}
Nb3 {[%clk 0:25:18]} 36. Ra3 {[%clk 0:08:13]} Bc4 {[%clk 0:25:44]} 37. Re4 {[%clk
0:07:55]} Bd5 {[%clk 0:16:04]} 38. Re3 {[%clk 0:07:26]} e4 {[%clk 0:14:00]} 39.
Ne1 {[%clk 0:06:41]} Nd2 {[%clk 0:06:56]} 40. Re2 {[%clk 0:36:13]} e3 {[%clk
0:37:03]} 41. Ra1 {[%clk 0:30:41]} Re8 {[%clk 0:26:02]} 42. Nc2 {[%clk 0:24:45]}
exf2+ {[%clk 0:22:34]} 1/2-1/2

[Event "Greek Team Championship"]
[Site "chess24.com"]
[Date "2017.07.03"]
[Round "1"]
[White "Kesidis, Odyseas"]
[Black "Alexiadis, Hristos"]
[Result "1/2-1/2"]
[Board "3"]
[WhiteElo "2202"]
[WhiteCountry "GRE"]
[WhiteFideId "4221796"]
[WhiteEloChange "2"]
[BlackElo "2264"]
[BlackTitle "FM"]
[BlackCountry "GRE"]
[BlackFideId "4249623"]
[BlackEloChange "-2"]

1. e4 {[%clk 1:30:57]} c5 {[%clk 1:30:47]} 2. c3 {[%clk 1:31:21]} d5 {[%clk
1:30:18]} 3. exd5 {[%clk 1:31:42]} Qxd5 {[%clk 1:30:44]} 4. d4 {[%clk 1:32:06]}
Nf6 {[%clk 1:30:38]} 5. Nf3 {[%clk 1:32:28]} Bf5 {[%clk 1:30:42]} 6. Be2 {[%clk
1:31:29]} cxd4 {[%clk 1:30:57]} 7. cxd4 {[%clk 1:29:06]} Bxb1 {[%clk 1:31:22]} 8.
Rxb1 {[%clk 1:29:32]} e6 {[%clk 1:30:52]} 9. O-O {[%clk 1:27:46]} Nc6 {[%clk
1:27:30]} 10. b4 {[%clk 1:28:01]} Bd6 {[%clk 1:27:40]} 11. b5 {[%clk 1:28:25]}
Ne7 {[%clk 1:28:06]} 12. Ne5 {[%clk 1:28:38]} O-O {[%clk 1:23:22]} 13. Bf3 {[%clk
1:11:30]} Qxa2 {[%clk 1:23:45]} 14. Rb2 {[%clk 1:08:10]} Qa5 {[%clk 1:23:17]} 15.
Bxb7 {[%clk 1:06:19]} Rab8 {[%clk 1:22:19]} 16. Ba6 {[%clk 0:57:08]} Rfd8 {[%clk
1:13:30]} 17. Qf3 {[%clk 0:56:11]} Qa4 {[%clk 1:08:44]} 18. Be3 {[%clk 0:53:05]}
Bc7 {[%clk 0:54:50]} 19. Rc1 {[%clk 0:36:41]} Bb6 {[%clk 0:51:44]} 20. Rbc2
{[%clk 0:36:47]} Rxd4 {[%clk 0:14:15]} 21. Bxd4 {[%clk 0:34:05]} Qxd4 {[%clk
0:14:40]} 22. Nc6 {[%clk 0:26:12]} Nxc6 {[%clk 0:15:05]} 23. bxc6 {[%clk
0:26:13]} Qd6 {[%clk 0:14:01]} 24. Qg3 {[%clk 0:15:18]} Qxg3 {[%clk 0:14:14]} 25.
hxg3 {[%clk 0:15:44]} Bc7 {[%clk 0:14:39]} 26. Be2 {[%clk 0:15:30]} h5 {[%clk
0:14:28]} 27. Rc5 {[%clk 0:11:14]} g6 {[%clk 0:14:40]} 28. Rb5 {[%clk 0:11:34]}
Rxb5 {[%clk 0:15:01]} 29. Bxb5 {[%clk 0:12:00]} Kf8 {[%clk 0:13:46]} 30. Kf1
{[%clk 0:11:29]} Ke7 {[%clk 0:14:08]} 31. Ke2 {[%clk 0:11:11]} Kd6 {[%clk
0:13:24]} 32. Kd3 {[%clk 0:10:42]} Nd5 {[%clk 0:13:21]} 33. Ba4 {[%clk 0:07:29]}
Bb6 {[%clk 0:12:42]} 34. f3 {[%clk 0:05:42]} Nb4+ {[%clk 0:12:21]} 35. Ke2 {[%clk
0:05:52]} Nd5 {[%clk 0:12:32]} 36. Rc4 {[%clk 0:04:57]} Bc7 {[%clk 0:12:01]} 37.
Rc1 {[%clk 0:03:20]} Bb6 {[%clk 0:11:58]} 38. Rc4 {[%clk 0:03:32]} Bc7 {[%clk
0:12:23]} 39. Rc1 {[%clk 0:03:58]} 1/2-1/2

[Event "Greek Team Championship"]
[Site "chess24.com"]
[Date "2017.07.03"]
[Round "1"]
[White "Petrakis, Ilias"]
[Black "Vasiliadis, Anastasios"]
[Result "1-0"]
[Board "4"]
[WhiteElo "2165"]
[WhiteCountry "GRE"]
[WhiteFideId "4208323"]
[WhiteEloChange "5"]
[BlackElo "1972"]
[BlackCountry "GRE"]
[BlackFideId "4251083"]
[BlackEloChange "-5"]

1. e4 {[%clk 1:30:56]} c5 {[%clk 1:30:44]} 2. Nf3 {[%clk 1:31:17]} Nc6 {[%clk
1:31:08]} 3. Bb5 {[%clk 1:31:38]} g6 {[%clk 1:31:31]} 4. O-O {[%clk 1:32:00]} Bg7
{[%clk 1:31:57]} 5. Bxc6 {[%clk 1:32:17]} dxc6 {[%clk 1:32:09]} 6. h3 {[%clk
1:32:41]} Nf6 {[%clk 1:32:35]} 7. Nc3 {[%clk 1:33:00]} O-O {[%clk 1:33:01]} 8. d3
{[%clk 1:33:17]} b6 {[%clk 1:31:23]} 9. Be3 {[%clk 1:33:32]} Re8 {[%clk 1:31:47]}
10. Qd2 {[%clk 1:33:54]} e5 {[%clk 1:23:44]} 11. Bh6 {[%clk 1:33:32]} Nh5 {[%clk
1:21:30]} 12. Ne2 {[%clk 1:30:59]} Qf6 {[%clk 1:17:14]} 13. Bg5 {[%clk 1:30:59]}
Qd6 {[%clk 1:17:38]} 14. Nh2 {[%clk 1:27:40]} Be6 {[%clk 1:07:25]} 15. b3 {[%clk
1:21:39]} f6 {[%clk 1:02:03]} 16. Bh6 {[%clk 1:18:04]} Bxh6 {[%clk 0:55:25]} 17.
Qxh6 {[%clk 1:18:26]} b5 {[%clk 0:53:12]} 18. Qe3 {[%clk 1:10:04]} a6 {[%clk
0:47:42]} 19. f4 {[%clk 1:07:29]} exf4 {[%clk 0:42:25]} 20. Nxf4 {[%clk 1:07:53]}
Nxf4 {[%clk 0:42:36]} 21. Rxf4 {[%clk 1:08:16]} Rf8 {[%clk 0:43:01]} 22. Raf1
{[%clk 1:07:29]} Kg7 {[%clk 0:40:07]} 23. Nf3 {[%clk 1:01:07]} Rae8 {[%clk
0:29:57]} 24. h4 {[%clk 0:52:38]} h6 {[%clk 0:25:57]} 25. e5 {[%clk 0:46:42]}
fxe5 {[%clk 0:25:30]} 26. Rxf8 {[%clk 0:40:34]} Rxf8 {[%clk 0:25:42]} 27. Nxe5
{[%clk 0:36:27]} Rxf1+ {[%clk 0:23:36]} 28. Kxf1 {[%clk 0:36:51]} c4 {[%clk
0:20:44]} 29. d4 {[%clk 0:34:00]} cxb3 {[%clk 0:20:45]} 30. axb3 {[%clk 0:33:17]}
Bf5 {[%clk 0:17:33]} 31. c3 {[%clk 0:29:02]} Be6 {[%clk 0:14:00]} 32. b4 {[%clk
0:28:50]} Bd5 {[%clk 0:10:42]} 33. Ng4 {[%clk 0:27:58]} Qf8+ {[%clk 0:10:28]} 34.
Kg1 {[%clk 0:27:54]} Kh7 {[%clk 0:08:39]} 35. Qe5 {[%clk 0:27:22]} Qg7 {[%clk
0:05:41]} 36. Nf6+ {[%clk 0:27:10]} Kh8 {[%clk 0:06:02]} 37. Qb8+ {[%clk
0:27:16]} Bg8 {[%clk 0:06:19]} 38. Qd8 {[%clk 0:27:31]} g5 {[%clk 0:05:28]} 39.
h5 {[%clk 0:27:14]} g4 {[%clk 0:05:28]} 40. Kf2 {[%clk 0:57:09]} 1-0

[Event "Greek Team Championship"]
[Site "chess24.com"]
[Date "2017.07.03"]
[Round "1"]
[White "Milliet, Sophie"]
[Black "Szczepkowska, Karina"]
[Result "1/2-1/2"]
[Board "5"]
[WhiteElo "2366"]
[WhiteTitle "IM"]
[WhiteCountry "FRA"]
[WhiteFideId "623725"]
[WhiteEloChange "1"]
[BlackElo "2414"]
[BlackTitle "IM"]
[BlackCountry "POL"]
[BlackFideId "1122681"]
[BlackEloChange "-1"]

1. e4 {[%clk 1:30:57]} e5 {[%clk 1:30:53]} 2. Nf3 {[%clk 1:31:22]} Nc6 {[%clk
1:31:18]} 3. Bc4 {[%clk 1:31:47]} Nf6 {[%clk 1:31:42]} 4. d3 {[%clk 1:32:12]} Be7
{[%clk 1:32:08]} 5. O-O {[%clk 1:32:13]} O-O {[%clk 1:32:13]} 6. Re1 {[%clk
1:32:17]} d6 {[%clk 1:30:57]} 7. a4 {[%clk 1:32:35]} h6 {[%clk 1:27:28]} 8. a5
{[%clk 1:32:10]} a6 {[%clk 1:27:42]} 9. c3 {[%clk 1:32:04]} Be6 {[%clk 1:26:15]}
10. Nbd2 {[%clk 1:26:08]} Qd7 {[%clk 1:19:13]} 11. Qb3 {[%clk 1:23:26]} Rab8
{[%clk 1:10:18]} 12. Nf1 {[%clk 1:13:48]} Bg4 {[%clk 1:08:00]} 13. N3d2 {[%clk
1:13:04]} Nh5 {[%clk 1:04:32]} 14. h3 {[%clk 0:45:31]} Be6 {[%clk 1:00:10]} 15.
Nf3 {[%clk 0:45:53]} Nd8 {[%clk 0:53:07]} 16. d4 {[%clk 0:43:43]} f6 {[%clk
0:47:24]} 17. d5 {[%clk 0:38:45]} Bf7 {[%clk 0:46:34]} 18. g4 {[%clk 0:39:00]}
Nf4 {[%clk 0:45:45]} 19. Bxf4 {[%clk 0:39:19]} exf4 {[%clk 0:45:55]} 20. Bxa6
{[%clk 0:38:10]} h5 {[%clk 0:36:44]} 21. N1h2 {[%clk 0:38:00]} hxg4 {[%clk
0:33:38]} 22. hxg4 {[%clk 0:38:24]} Bg6 {[%clk 0:30:55]} 23. Bb5 {[%clk 0:35:59]}
Qc8 {[%clk 0:30:50]} 24. Nh4 {[%clk 0:35:16]} Be8 {[%clk 0:28:44]} 25. Nf5 {[%clk
0:32:07]} Kf7 {[%clk 0:29:08]} 26. Bxe8+ {[%clk 0:15:51]} Rxe8 {[%clk 0:29:27]}
27. c4 {[%clk 0:15:20]} Rh8 {[%clk 0:28:13]} 28. Qf3 {[%clk 0:13:58]} g6 {[%clk
0:25:16]} 29. Nd4 {[%clk 0:12:45]} c5 {[%clk 0:24:44]} 30. dxc6 {[%clk 0:06:31]}
Nxc6 {[%clk 0:18:55]} 31. Nxc6 {[%clk 0:06:56]} bxc6 {[%clk 0:18:23]} 32. Qxf4
{[%clk 0:07:01]} Rxb2 {[%clk 0:18:17]} 33. a6 {[%clk 0:05:32]} Rb8 {[%clk
0:18:15]} 34. c5 {[%clk 0:01:41]} Qe6 {[%clk 0:12:31]} 35. Rab1 {[%clk 0:00:53]}
g5 {[%clk 0:08:57]} 36. Qf5 {[%clk 0:00:57]} Ra8 {[%clk 0:03:20]} 37. Qxe6+
{[%clk 0:01:08]} Kxe6 {[%clk 0:03:44]} 38. Ra1 {[%clk 0:00:42]} dxc5 {[%clk
0:03:53]} 39. Nf1 {[%clk 0:00:46]} Bd6 {[%clk 0:02:44]} 40. Ra5 {[%clk 0:30:44]}
Be5 {[%clk 0:31:56]} 41. Rxc5 {[%clk 0:16:39]} 1/2-1/2